[Event "Challenge"]
[Site "http://www.queenalice.com/game.php?id=958736"]
[Date "2011.7.9"]
[Round "-"]
[White "pancas"]
[Black "rsanjabi"]
[Result "1-0"]
[WhiteElo "1799"]
[BlackElo "1281"]

1. e4 d5 2. exd5 Qxd5 3. Nc3 Qd8 4. Nf3 Nc6 5. d4 e6 6. Bb5 a6 7. Ba4 b5 8. Bb3
Bd6 9. O-O Qf6 10. Be3 Nh6 11. d5 Ne5 12. Nxe5 Qxe5 13. g3 g5 14. Bd4 Qf5 15.
Bxh8 Qh3 16. Qf3 Ng4 17. Qg2 Qh5 18. h3 Nh6 19. dxe6 Rb8 20. exf7+ Nxf7 21. Qc6+
Ke7 22. Rfe1+ Be6 23. Bxe6 Qh6 24. Qd7+ Kf8 25. Qxf7# 1-0

[Event "Challenge"]
[Site "http://www.queenalice.com/game.php?id=958737"]
[Date "2011.7.9"]
[Round "-"]
[White "rsanjabi"]
[Black "esterodr"]
[Result "0-1"]
[WhiteElo "1260"]
[BlackElo "1582"]

1. c4 Nf6 2. d4 e6 3. d5 Bb4+ 4. Bd2 Be7 5. Bc3 d6 6. Nf3 e5 7. Ng5 h6 8. Nh3
Bxh3 9. gxh3 Nbd7 10. Rg1 g6 11. e3 a5 12. b3 Nc5 13. b4 axb4 14. Bb2 Nfe4 15.
f3 Bh4+ 16. Ke2 Qf6 17. fxe4 Qf2# 0-1

[Event "Challenge"]
[Site "http://www.queenalice.com/game.php?id=958738"]
[Date "2011.7.9"]
[Round "-"]
[White "rsanjabi"]
[Black "charles31"]
[Result "0-1"]
[WhiteElo "1260"]
[BlackElo "1843"]

1. c4 e5 2. d4 exd4 3. Qxd4 Nc6 4. Qd1 Nf6 5. Nc3 Bb4 6. a3 Bxc3+ 7. bxc3 d6 8.
Nf3 Be6 9. e3 O-O 10. Bd3 Bg4 11. h3 Be6 12. e4 Na5 13. Rb1 Nxc4 14. Rxb7 a6 15.
Rb4 Nb6 16. Rd4 Nh5 17. g4 Nf6 18. Bg5 c5 19. Ra4 Nxa4 20. Qxa4 a5 21. e5 dxe5
22. Nxe5 Re8 23. Qf4 Bd5 24. O-O Qd6 25. Re1 Re6 26. Bh4 Rae8 27. Qf5 Rxe5 28.
Bxf6 Rxe1+ 29. Bf1 Qxf6 30. Qxd5 h6 31. Kg2 Qh4 32. Bc4 R8e7 33. Qd8+ Kh7 34.
Bd3+ g6 35. Qxa5 Rd1 36. Bc4 Ree1 37. Qc7 Rg1+ 38. Kf3 Qxh3+ 39. Ke4 Qxg4+ 40.
f4 Rge1+ 0-1

[Event "Challenge"]
[Site "http://www.queenalice.com/game.php?id=960460"]
[Date "2011.7.14"]
[Round "-"]
[White "rsanjabi"]
[Black "charles31"]
[Result "0-1"]
[WhiteElo "1279"]
[BlackElo "1857"]

1. d4 d5 2. f3 Nc6 3. e4 dxe4 4. c3 e5 5. d5 Nce7 6. fxe4 h6 7. c4 Nf6 8. Nc3
Bg4 9. Be2 Qd7 10. h3 Bh5 11. g4 Bg6 12. a4 c6 13. Bf3 cxd5 14. exd5 Nc8 15. Be2
Bb4 16. Nf3 Qd6 17. O-O e4 18. Nb5 Qg3+ 19. Kh1 exf3 20. Rxf3 Be4 21. Qg1 Bxf3+
22. Bxf3 Qxh3+ 23. Qh2 Qxf3+ 24. Kg1 Bc5+ 0-1

[Event "Challenge"]
[Site "http://www.queenalice.com/game.php?id=963402"]
[Date "2011.7.22"]
[Round "-"]
[White "rsanjabi"]
[Black "Mr_SPOCK"]
[Result "0-1"]
[WhiteElo "1277"]
[BlackElo "1624"]

1. c4 e5 2. d4 e4 3. Nc3 Bb4 4. a3 Bxc3+ 5. bxc3 e3 6. Bxe3 Nf6 7. d5 O-O 8. Bg5
Qe7 9. Qd4 b6 10. e4 c5 11. Qe3 Qe5 12. f4 Qd6 13. e5 Re8 14. O-O-O Qf8 15. Qh3
d6 16. Qh4 Nbd7 17. exf6 Nxf6 18. Bxf6 g6 19. Bd3 Bd7 20. Qf2 Bg4 21. Rf1 Qh6
22. h3 Bf5 23. Bxf5 Kf8 24. Bd7 Re4 25. Bg5 Qg7 26. Re1 Qxc3+ 27. Kd1 Rd4+ 28.
Ke2 Qd3# 0-1

[Event "Challenge"]
[Site "http://www.queenalice.com/game.php?id=963479"]
[Date "2011.7.22"]
[Round "-"]
[White "rsanjabi"]
[Black "jajerduco"]
[Result "0-1"]
[WhiteElo "1250"]
[BlackElo "1630"]

1. Nf3 Nc6 2. d4 d5 3. c4 Bg4 4. h3 Bf5 5. Nc3 e6 6. Nb5 Bb4+ 7. Bd2 Qe7 8. a3
Ba5 9. c5 a6 10. b4 Bxb4 11. axb4 Na7 12. Nc3 c6 13. Ne5 Nf6 14. f3 Nh5 15. Rg1
Qh4+ 16. g3 Nxg3 17. Bg2 Ne4+ 18. Kf1 Ng3+ 19. Ke1 Ne4+ 20. Kf1 Qf2# 0-1

[Event "Challenge"]
[Site "http://www.queenalice.com/game.php?id=963773"]
[Date "2011.7.23"]
[Round "-"]
[White "rsanjabi"]
[Black "nuage"]
[Result "0-1"]
[WhiteElo "1248"]
[BlackElo "1603"]

1. d4 Nf6 2. d5 d6 3. c4 Na6 4. Nc3 Nc5 5. f3 Bf5 6. e4 Bg6 7. b4 Na6 8. a3 e6
9. Bg5 Be7 10. h4 O-O 11. g4 e5 12. h5 h6 13. Bxf6 Bxf6 14. hxg6 fxg6 15. Qa4
Bg5 16. Nh3 Rxf3 17. Nd1 Bh4+ 18. Ke2 Qf6 19. Bg2 Rg3 20. Rg1 Rxg4 21. Bf3 Rxg1
22. Nxg1 Qf4 23. Nh3 Qh2+ 24. Kd3 Qxh3 25. Ke3 Rf8 26. Ke2 Qxf3+ 27. Kd2 Bg5+
28. Kc2 Qxe4+ 29. Kb2 Qe2+ 30. Kc3 Rf3+ 0-1